Supliment to Guide to company balance sheets and profit and loss accounts / (Record no. 75523)
[ view plain ]
| 000 -LEADER | |
|---|---|
| fixed length control field | 00778nam a22002657a 4500 |
| 001 - CONTROL NUMBER | |
| control field | 75523 |
| 003 - CONTROL NUMBER IDENTIFIER | |
| rucl marc code | BD-RjUL |
| 005 - DATE AND TIME OF LATEST TRANSACTION | |
| control field | 20211209082714.0 |
| 008 - FIXED-LENGTH DATA ELEMENTS--GENERAL INFORMATION | |
| fixed length control field | 190420s1968 e ||||| i||| 001 0 eng d |
| 020 ## - INTERNATIONAL STANDARD BOOK NUMBER | |
| International Standard Book Number | 9780852700099 |
| International Standard Book Number | 0852700091 |
| Terms of availability | : Sh. 70.00 |
| 035 ## - SYSTEM CONTROL NUMBER | |
| System control number | (BD-RjUL) 75741 |
| 040 ## - CATALOGING SOURCE | |
| Original cataloging agency | BD-RjUL |
| Language of cataloging | eng |
| Transcribing agency | BD-RjUL |
| 041 ## - LANGUAGE CODE | |
| Language code of text/sound track or separate title | eng |
| 082 ## - DEWEY DECIMAL CLASSIFICATION NUMBER | |
| Edition number | 23 |
| Classification number | 657.3 |
| Author mark and year | JOS 1968 |
| 100 1# - MAIN ENTRY--PERSONAL NAME | |
| Relator code | Jones, Frank H |
| 245 10 - TITLE STATEMENT | |
| Title | Supliment to Guide to company balance sheets and profit and loss accounts / |
| Statement of responsibility, etc. | Frank H Jones |
| 250 ## - EDITION STATEMENT | |
| Edition statement | 6th.ed. |
| 260 ## - PUBLICATION, DISTRIBUTION, ETC. (IMPRINT) | |
| Place of publication, distribution, etc. | Cambridge : |
| Name of publisher, distributor, etc. | W. Heffer & Sons, |
| Date of publication, distribution, etc. | 1968. |
| 300 ## - PHYSICAL DESCRIPTION | |
| Pagination | 729 p. ; |
| Size | 23 cmx15 |
| 500 ## - GENERAL NOTE | |
| General note | Includes Index |
| 650 ## - SUBJECT ADDED ENTRY--TOPICAL TERM | |
| Topical term or geographic name as entry element | Financial statements |
| 9 (RLIN) | 230921 |
| Topical term or geographic name as entry element | Corporations |
| Form subdivision | Accounting |
| 9 (RLIN) | 230922 |
| 942 ## - ADDED ENTRY ELEMENTS (KOHA) | |
| Source of classification or shelving scheme | Dewey Decimal Classification |
| Koha item type | Books |
| Lost status | Source of classification or shelving scheme | Damaged status | Not for loan | Collection code | Permanent Location | Current Location | Shelving location | Date acquired | Source of acquisition | Cost, normal purchase price | Total Checkouts | Full call number | Date last seen | Copy number | Koha item type |
|---|---|---|---|---|---|---|---|---|---|---|---|---|---|---|---|
| Dewey Decimal Classification | Not For Loan | Non-fiction | Central Library, University of Rajshahi | Central Library, University of Rajshahi | Reading Room | 18/08/1969 | zeitlinger | 70.00 | 657.3 JOS 1968 | 20/04/2019 | C-1 | Books | |||
| Dewey Decimal Classification | Non-fiction | Central Library, University of Rajshahi | Central Library, University of Rajshahi | 18/08/1969 | zeitlinger | 70.00 | 657.3 JOS 1968 | 20/04/2019 | C-2 | Books | |||||
| Dewey Decimal Classification | Non-fiction | Central Library, University of Rajshahi | Central Library, University of Rajshahi | 18/08/1969 | zeitlinger | 70.00 | 657.3 JOS 1968 | 20/04/2019 | C-3 | Books |